Pokemon Fusion # 2 - Statistics

General Stats
  • This quiz has been taken 122 times
  • The average score is 8 of 16
Answer Stats
Picture Answer % Correct
Dragonite + Charizard
95%
Mr. Mime + Kingler
76%
Caterpie + Raticate
72%
Flareon + Sandslash
68%
Gyarados + Arcanine
64%
Tangela + Nidoking
59%
Dodrio + Hypno
52%
Dugtrio + Graveler
52%
Ditto + Golbat
48%
Lickitung + Weezing
47%
Mew + Mewtwo
45%
Bellsprout + Raichu
41%
Magnemite + Starmie
35%
Omastar + Kabutops
35%
Poliwrath + Alakazam
32%
Parasect + Tauros
28%
No matching quizzes found
Score Distribution
Percent of People with Each Score
Percentile by Number Answered
Your Score History
You have not taken this quiz